000 00748nam a2200193Ii 4500
003 JO-AjNU
008 230605s9999||||xx |||||||||||||| ||und||
040 _aJO-AjNU
_bara
_erda
_cJO-AjNU
041 _aara
050 1 4 _aHB71.A44.1994
100 3 _aتحرير ياسر ساره؛ ترجمة ايكون كونسلت,
_eauthor
_945216
245 0 0 _aاخلاقيات الاقتصاد وجهات نظر عربية -اوروبية
264 3 1 _aعمان،المانيا:منتدى الفكر العربي،قسم التعاون الدولي لمؤسسة كونراد اديناور
300 _a274
336 _atext
_btxt
_2rdacontent
337 _aunmediated
_bn
_2rdamedia
338 _avolume
_bnc
_2rdacarrier
650 4 _aاقتصاد
_945217
999 _aA19583
_c23151
_d23151